How to use the internet in ELT

Αποθηκεύτηκε σε:
Λεπτομέρειες βιβλιογραφικής εγγραφής
Κύριος συγγραφέας: Teeler, Dede
Άλλοι συγγραφείς: Gray, Peta
Μορφή: Βιβλίο
Γλώσσα:English
Δημοσίευση: Harlow : Pearson Education Limited, c2000
Θέματα:
Ετικέτες: Προσθήκη ετικέτας
Δεν υπάρχουν, Καταχωρήστε ετικέτα πρώτοι!

MARC

LEADER 00000nam a2200000 i 4500
001 1/90041
008 080627s2000 eng d
020 |a 0-582-33931-6 
035 |l 10098530 
040 |a GR-MY-UA  |b gre  |e aacr 
041 0 |a eng 
082 0 |a 428.00285  |2 (22) 
100 1 |a Teeler, Dede. 
245 1 0 |a How to use the internet in ELT /  |c Dede Teeler with Peta Gray 
260 |a Harlow :   |b Pearson Education Limited,   |c c2000 
300 |a viii, 120 σ.;  |b εικ.;  |c 25 εκ. 
504 |a Βιβλιογραφία: σ. 115-118. Ευρετήριο 
650 0 0 |a English language  |x Study and teaching  |x Computer network resources. 
650 0 0 |a Internet in education. 
700 1 |a Gray, Peta. 
852 |a INST  |b SYROS  |e 20080627  |h 428.00285 TEE  |p 005500005770  |q 005500005770  |t BK  |y 0 
901 |a BIBL5-2008-2 
909 |a Ε  |b 140211 
922 |a 5ΕΛΗ  |b 200711  |c ΕΠΕΑΕΚ2/ΤΜΣΠΣ  |d ΕΛΕΥΘΕΡΟΥΔΑΚΗΣ 
970 |a ΚΑΓΙΑΒΑ  |b ΕΙΡΗΝΗ  |z 2008/06/27